Latin | English |
scribo, scribere, scripsi, scriptus | write | | 83.9% | frater, fratris, m. | brother | | 82.5% | lumen, luminis, n. | light | | 81.8% | annus, anni, m. | year | | 81.1% | vox, vocis, f. | voice | | 81.1% | ars, artis, f. | skill | | 80.4% | liber, a, um | free | | 80.4% | libertas, libertatis, f. | freedom | | 79% | eo, ire, ivi, itus | go | | 78.3% | bibo, bibere, bibi | drink | | 77.6% | insula, insulae, f. | island | | 76.9% | lingua, linguae, f. | language/tongue | | 76.9% | aurum, auri, n. | gold | | 74.8% | saluto, salutare, salutavi, salutatus | greet | | 74.8% | eques, equitis, m. | horseman | | 74.1% | traho, trahere, traxi, tractus | pull | | 74.1% | pecunia, pecuniae, f. | money | | 74.1% | disco, discere, didici | learn | | 73.4% | consilium, consilii, n. | advice/plan | | 72% | porta, portae, f. | gate | | 72% | vacuus, a, um | empty | | 72% | vinum, vini, n. | wine | | 71.3% | altus, a, um | high/deep/tall | | 70.6% | coniunx, coniugis, m/f. | spouse | | 69.9% | recipio, recipere, recepi, receptus | receive | | 69.9% | tamen | however | | 69.9% | flumen, fluminis, n. | river | | 69.2% | gravis, grave | heavy/serious | | 67.8% | nemo | no one | | 67.8% | morior, mori, mortuus sum | die | | 67.8% | gens, gentis, f. | race/tribe/family | | 67.1% | quod (conjunction) | because | | 66.4% | nullus, a, um | none | | 66.4% | specto, spectare, spectavi, spectatus | see | | 66.4% |
|
Latin | English |
quamquam | although | | 65.7% | dulcis, dulce | sweet | | 65% | tristis, triste | sad | | 65% | tertius, a, um | third | | 65% | facilis, facile | easy | | 65% | minor | smaller | | 64.3% | plus, pluris | more | | 63.6% | gero, gerere, gessi, gestus | bear/wage/carry | | 62.9% | mens, mentis, f. | mind | | 62.9% | laudo, laudare, laudavi, laudatus | praise | | 62.9% | vehemens, vehementis | violent | | 62.2% | imperium, imperii, n. | power | | 61.5% | levis, leve | light (not heavy) | | 60.8% | vel | or | | 60.1% | ubi | where | | 58.7% | carmen, carminis, n. | song | | 58% | simul | at the same time | | 58% | peior | worse | | 58% | totus, a, um | entire | | 58% | fama, famae, f. | rumor/report/reputation | | 57.3% | humilis, humile | humble/low | | 57.3% | invenio, invenire, inveni, inventus | discover | | 56.6% | sententia, sententiae, f. | opinion | | 56.6% | placeo, placere, placui, placitus | please (verb) | | 55.9% | nescio, nescire, nescivi, nescitus | not know | | 55.9% | carus, a, um | dear | | 55.2% | fero, ferre, tuli, latus | carry | | 54.5% | aspicio, aspicere, aspexi, aspectus | look at | | 53.8% | solus, a, um | alone | | 53.8% | iungo, iungere, iunxi, iunctus | join | | 53.1% | satis | enough | | 53.1% | iuventus, iuventutis, f | youth/young man | | 52.4% | utilis, utile | useful | | 52.4% | melior | better | | 52.4% |
|
Latin | English |
vultus, vultus, m. | face | | 51% | maior | greater | | 51% | vitium, vitii, n. | vice | | 50.3% | genus, generis, n. | type/kind | | 50.3% | agmen, agminis, n. | marching column | | 49.7% | proximus, a, um | nearest | | 49.7% | sino, sinere, sivi, situs | allow | | 49% | furo, furere, furui | rage | | 48.3% | tutus, a, um | safe | | 48.3% | auris, auris, f. | ear | | 48.3% | progredior, progredi, progressus sum | proceed | | 46.9% | mos, moris, m. | habit/custom | | 45.5% | extra | outside of | | 45.5% | iter, itineris, n. | journey | | 44.8% | loquor, loqui, locutus sum | speak | | 44.8% | ingens, ingentis | huge | | 44.1% | labor, labi, lapsus sum | slip/glide | | 44.1% | aetas, aetatis, f. | age | | 42.7% | paulo | a little bit | | 41.3% | potens, potentis | powerful | | 41.3% | hortor, hortari, hortatus sum | urge/encourage | | 41.3% | magis | more | | 41.3% | utor, uti, usus sum | use | | 41.3% | oro, orare, oravi, oratus | beg | | 40.6% | virtus, virtutis, f. | courage/virtue | | 39.9% | nisi | unless | | 38.5% | taceo, tacere, tacui, tacitus | be silent | | 38.5% | vetus, veteris | old | | 37.8% | sequor, sequi, secutus sum | follow | | 31.5% | perdo, perdere, perdidi, perditus | lose | | 28% | pervenio, pervenire, perveni, perventus | arrive | | 28% | onus, oneris, n. | burden | | 26.6% |
|
Comments